000 00996nam a2200253 a 4500
001 BRCA_4391
005 20190320204643.0
008 090610s1931----u--#######---#000-0#eng-#
041 _aeng
044 _au
050 4 _aPQ6343
_b.F67 2
_c1931
100 1 _aFord, Jeremiah D. M.
_910880
245 1 0 _aCervantes
_bA Tentative Bibliography of his Works and of the Biographical and Critical Material Concerning him
_cprepared by Jeremiah D. M. Ford and Ruth Lansing.
260 _aCambridge, Massachusetts, U.S.A
_bHarvard University
_c1931
300 _a239 p.
_c25 cm.
500 _aLa biblioteca tiene 2 ejemplares con el mismo número de inventario, el ejemplar 2 carece de portada y de las siguientes paginas viii-xii y 1-84
500 _aEjemplar igual a AM28
500 _aQMB120
600 1 4 _aCervantes Saavedra, Miguel de
_d1547-1616
_vBibliografías
_97659
650 1 4 _aLibros ilustrados
_ySiglo XVIII-XX
_910881
700 1 _aLansing, Ruth
_910882
902 _aGFM
942 _2lcc
_cB
999 _c4102
_d4102